[Event "Sparkassen-Open B"]
[Site "Heusenstamm, Martinsee"]
[Date "2019.11.21"]
[Round "1.28"]
[White "Sallwey, Rainer"]
[Black "Zerhusen, Martin"]
[Result "0-1"]
[WhiteElo "1416"]
[BlackElo "1691"]
[PlyCount "56"]
[EventDate "2019.??.??"]
[WhiteTeam "SK Langen"]
[BlackTeam "SV Oberursel"]

1. d4 d5 2. Nf3 Nf6 3. e3 a6 4. Bd3 Bg4 5. Nbd2 e6 6. c3 Be7 7. O-O O-O 8. Qc2
Bh5 9. Ne5 Nbd7 10. Ndf3 Bxf3 11. Nxf3 c5 12. b3 Re8 13. Qe2 b5 14. a4 c4 15.
bxc4 bxc4 16. Bb1 Qa5 17. Qc2 g6 18. Ba3 Bxa3 19. Rxa3 Rab8 20. Ba2 Rb7 21. Rb1
Reb8 22. Rxb7 Rxb7 23. h3 Qb6 24. a5 Qb2 25. Qa4 Ne4 26. Kh2 Qxf2 27. Qd1 Rb2
28. Ne1 Re2 0-1

[Event "Sparkassen-Open B"]
[Site "Heusenstamm, Martinsee"]
[Date "2019.11.21"]
[Round "1.29"]
[White "Althaus, Lennart"]
[Black "Ziegler, Christopher"]
[Result "1-0"]
[WhiteElo "1690"]
[BlackElo "1408"]
[PlyCount "77"]
[EventDate "2019.??.??"]
[WhiteTeam "TV-Großostheim"]
[BlackTeam "SV Kelsterbach"]

1. c4 Nf6 2. Nc3 e6 3. d4 c5 4. Nf3 cxd4 5. Nxd4 Bb4 6. Bd2 Nc6 7. e3 a6 8. Bd3
d5 9. cxd5 Nxd4 10. exd4 Nxd5 11. O-O Be7 12. Qf3 Nf6 13. Be3 O-O 14. Rfd1 Kh8
15. Rac1 Rb8 16. Ne4 b6 17. Bf4 Bb7 18. Bxb8 Qxb8 19. Qe2 Nd5 20. Bxa6 Nf4 21.
Qb5 Bxe4 22. Qd7 Qd6 23. Qa7 Bxg2 24. Rc7 Nh3+ 25. Kxg2 Qd5+ 26. Kf1 Qf3 27.
Rd2 Qh1+ 28. Ke2 Nf4+ 29. Ke3 Nd5+ 30. Kd3 Qf3+ 31. Kc2 Nxc7 32. Qxc7 Qe4+ 33.
Bd3 Qxd4 34. Qxe7 Rc8+ 35. Kb1 Qg4 36. Bc2 Qg1+ 37. Rd1 Qxf2 38. Rd8+ Rxd8 39.
Qxd8# 1-0

[Event "Sparkassen-Open B"]
[Site "Heusenstamm, Martinsee"]
[Date "2019.11.21"]
[Round "1.30"]
[White "Bondarevsky, David"]
[Black "Gude, Michael"]
[Result "0-1"]
[WhiteElo "1403"]
[BlackElo "1685"]
[PlyCount "130"]
[EventDate "2019.??.??"]
[WhiteTeam "TuS Makkabi"]
[BlackTeam "Frankfurter TV"]

1. e4 e6 2. Nf3 d5 3. Nc3 d4 4. Ne2 c5 5. c3 Nc6 6. cxd4 cxd4 7. Qa4 Bc5 8. Ne5
Nge7 9. Ng3 O-O 10. Nxc6 Nxc6 11. d3 Bd7 12. Bd2 Qb6 13. Qc2 Rac8 14. Be2 Nb4
15. Qb3 a5 16. a4 e5 17. O-O Be6 18. Qd1 Be7 19. Bg4 Bxg4 20. Qxg4 Nxd3 21. Nf5
Bf6 22. Bh6 g6 23. Bxf8 Kxf8 24. Ng3 Rc7 25. Qh3 Kg8 26. Ne2 Nc5 27. Qf3 Bg7
28. Rfc1 Bh6 29. Rcb1 Kg7 30. Ra3 Bd2 31. Qg3 Bb4 32. Ra2 f6 33. Rc1 Rd7 34.
Rd1 Nxe4 35. Qd3 Nc5 36. Qb5 Qxb5 37. axb5 Kf7 38. f3 g5 39. g4 Rd6 40. Ng3 Rb6
41. Nf5 Ke6 42. Ng7+ Kd7 43. Nh5 Ke7 44. Raa1 Rxb5 45. Rac1 Rb6 46. Ng7 Rc6 47.
Nf5+ Kd7 48. b3 Nxb3 49. Rxc6 bxc6 50. Kf2 a4 51. Ne3 c5 52. Nc4 Kc6 53. Ke2 a3
54. Nxa3 Bxa3 55. Kd3 Kd5 56. Rh1 c4+ 57. Kc2 Bb4 58. h4 h6 59. hxg5 hxg5 60.
Rh8 d3+ 61. Kd1 c3 62. Rd8+ Kc4 63. Rc8+ Bc5 64. Ra8 c2+ 65. Ke1 c1=Q# 0-1

[Event "Sparkassen-Open B"]
[Site "Heusenstamm, Martinsee"]
[Date "2019.11.21"]
[Round "1.31"]
[White "Chambers, Dominik Keith"]
[Black "Buchinger, Alexis"]
[Result "0-1"]
[WhiteElo "1684"]
[BlackElo "1399"]
[PlyCount "128"]
[EventDate "2019.??.??"]
[WhiteTeam "SC Lorsch"]
[BlackTeam "SF Neuberg"]

1. Nf3 Nf6 2. g3 e6 3. Bg2 d5 4. O-O c5 5. d3 Be7 6. Nbd2 O-O 7. e4 Nc6 8. a3
Bd7 9. Re1 Qc8 10. e5 Ng4 11. h3 Nh6 12. Nf1 Nf5 13. Ne3 Nxe3 14. Bxe3 d4 15.
Bf4 f6 16. Qd2 Bd8 17. Re2 g5 18. Rae1 gxf4 19. Qxf4 Rf7 20. exf6 Rxf6 21. Qg4+
Rg6 22. Qh5 Be8 23. Rxe6 Rxe6 24. Qg4+ Rg6 25. Rxe8+ Kf7 26. Qe4 Re6 27. Rxe6
Qxe6 28. Qxh7+ Ke8 29. Nh2 Be7 30. Be4 Qf6 31. Ng4 Qf8 32. Qg6+ Kd8 33. Qe6 Kc7
34. Ne5 Qf6 35. Qd7+ Kb6 36. Nc4+ Ka6 37. a4 Rd8 38. Qc7 Bd6 39. Qh7 Rh8 40.
Qd7 Bxg3 41. fxg3 Rf8 42. Bg2 Qf2+ 43. Kh2 Qxc2 44. Qd5 Rf2 45. Na3 Qxd3 46.
Qxc5 Qe2 47. Qb5+ Qxb5 48. axb5+ Kb6 49. bxc6 bxc6 50. Nc4+ Kc5 51. b3 d3 52.
Kg1 d2 53. Nb2 Re2 54. Bf3 Re3 55. Kf2 Rxb3 56. Nd1 a5 57. Be4 Kd4 58. Bxc6 Rb6
59. Ba4 Kd3 60. h4 Rb4 61. Bd7 Kc2 62. Ne3+ Kc1 63. Ke2 Re4 64. Bf5 d1=Q+ 0-1

[Event "Sparkassen-Open B"]
[Site "Heusenstamm, Martinsee"]
[Date "2019.11.21"]
[Round "1.32"]
[White "Andrianarison, Ny Koloina"]
[Black "Fischer, Lutz"]
[Result "0-1"]
[WhiteElo "1398"]
[BlackElo "1679"]
[PlyCount "76"]
[EventDate "2019.??.??"]
[WhiteTeam "ESV Gera"]
[BlackTeam "SF Frankfurt"]

1. e4 e6 2. d4 d5 3. Nc3 Bb4 4. exd5 exd5 5. Bd2 Nf6 6. Nf3 O-O 7. Be2 Re8 8.
O-O c6 9. Re1 Nbd7 10. a3 Ba5 11. Bd3 Nf8 12. Bg5 Rxe1+ 13. Qxe1 Bg4 14. Ne5
Bh5 15. b4 Bc7 16. Ne2 Ne6 17. Qd2 Nxg5 18. Qxg5 a5 19. Nf4 Bg6 20. Nfxg6 hxg6
21. b5 Qd6 22. bxc6 bxc6 23. f4 Ne4 24. Qg4 c5 25. Nf3 cxd4 26. Kf1 Qxf4 27.
Qxf4 Bxf4 28. g3 Be3 29. Rb1 Rc8 30. Rb5 Rc5 31. Rb8+ Kh7 32. Re8 Nf2 33. h4
Nxd3 34. cxd3 Rc3 35. Rd8 Rxd3 36. Rxd5 Rxa3 37. g4 f6 38. Nxd4 Rd3 0-1

[Event "Sparkassen-Open B"]
[Site "Heusenstamm, Martinsee"]
[Date "2019.11.21"]
[Round "1.33"]
[White "Ilievski, Kosto"]
[Black "Follert, Christian"]
[Result "1-0"]
[WhiteElo "1678"]
[BlackElo "1392"]
[PlyCount "71"]
[EventDate "2019.??.??"]
[WhiteTeam "SC Groß-Zimmern"]
[BlackTeam "SF Seligenstadt"]

1. Nf3 d5 2. d4 e6 3. Bg5 Be7 4. Bxe7 Qxe7 5. e3 Nf6 6. a3 b6 7. Nbd2 O-O 8.
Be2 c5 9. c3 c4 10. O-O Bb7 11. b3 b5 12. b4 Nc6 13. a4 a6 14. Qc2 e5 15. dxe5
Nxe5 16. Nxe5 Qxe5 17. Nf3 Qe4 18. Rfc1 Qxc2 19. Rxc2 Rfe8 20. a5 Rad8 21. Rd1
h6 22. Nd4 Re5 23. h3 Rde8 24. Bf3 Ne4 25. Bxe4 Rxe4 26. Rcd2 g6 27. Ne2 R8e7
28. Nf4 R4e5 29. Nxd5 Bxd5 30. Rxd5 Rxd5 31. Rxd5 Kg7 32. Kf1 Kf6 33. g3 Re5
34. Rd4 h5 35. e4 Ke6 36. f4 1-0

[Event "Sparkassen-Open B"]
[Site "Heusenstamm, Martinsee"]
[Date "2019.11.21"]
[Round "1.34"]
[White "Papadopoulos, Leon"]
[Black "Burow, Roger"]
[Result "0-1"]
[WhiteElo "1388"]
[BlackElo "1670"]
[PlyCount "108"]
[EventDate "2019.??.??"]
[WhiteTeam "SV Oberursel"]
[BlackTeam "SV Kelsterbach"]

1. e4 c6 2. d4 d5 3. Nc3 e6 4. Nf3 Nd7 5. Bf4 Bb4 6. Qd3 Ne7 7. e5 h6 8. a3 Ba5
9. O-O-O b5 10. Na2 Bb6 11. Qc3 a5 12. Kb1 Ba6 13. b3 c5 14. dxc5 Nxc5 15. Bd3
Nxd3 16. cxd3 Rc8 17. Qd2 d4 18. Rc1 Nd5 19. Rxc8 Bxc8 20. Bg3 O-O 21. Qb2 Ne7
22. Bh4 Re8 23. Nc1 Bb7 24. Ne2 Bxf3 25. gxf3 Qd5 26. Rg1 Qxe5 27. Qd2 Nf5 28.
Bg3 Qd5 29. Kb2 Qxf3 30. Nf4 Kh7 31. Qe1 Re7 32. Qe5 Qc6 33. Bh4 Qc3+ 34. Ka2
Qc2+ 35. Ka1 Bc7 36. Qe4 Qc3+ 37. Kb1 Qxb3+ 38. Ka1 Qxa3+ 39. Kb1 Qb3+ 40. Ka1
f6 41. Nh5 Rf7 42. Qg4 Bd8 43. Qg6+ Kg8 44. Nxf6+ Bxf6 45. Bxf6 Rxf6 46. Qxf6
Qa3+ 47. Kb1 Qxd3+ 48. Kc1 Qa3+ 49. Kb1 Qb4+ 50. Ka1 Qe7 51. Qg6 d3 52. Rd1
Qa3+ 53. Kb1 Qb3+ 54. Kc1 Qc2# 0-1

[Event "Sparkassen-Open B"]
[Site "Heusenstamm, Martinsee"]
[Date "2019.11.21"]
[Round "1.36"]
[White "Werner, Florin"]
[Black "Suliga, Eckhard"]
[Result "0-1"]
[WhiteElo "1297"]
[BlackElo "1656"]
[PlyCount "54"]
[EventDate "2019.??.??"]
[WhiteTeam "VSG Offenbach"]
[BlackTeam "SC Lüneburg"]

1. e4 e6 2. d4 d5 3. exd5 exd5 4. Nf3 Bd6 5. Nc3 Ne7 6. Bb5+ c6 7. Be2 Bf5 8.
Be3 Nd7 9. Qd2 Qc7 10. Bd3 O-O 11. Bg5 Bxd3 12. Qxd3 Ng6 13. O-O h6 14. Bh4
Nxh4 15. Nxh4 Bxh2+ 16. Kh1 Bf4 17. g3 Bg5 18. Ng2 Rae8 19. Rfe1 Bd8 20. Re2
Rxe2 21. Qxe2 Nf6 22. Re1 Re8 23. Qd2 Rxe1+ 24. Qxe1 Qb6 25. b3 Qxd4 26. Na4
Ne4 27. Kg1 b5 0-1

[Event "Sparkassen-Open B"]
[Site "Heusenstamm, Martinsee"]
[Date "2019.11.21"]
[Round "1.37"]
[White "Raghavan, Badrinarayanan"]
[Black "Alt, Johannes"]
[Result "1/2-1/2"]
[WhiteElo "1642"]
[BlackElo "1200"]
[PlyCount "37"]
[EventDate "2019.??.??"]
[WhiteTeam "SK Gießen"]
[BlackTeam "SF Heidesheim"]

1. e4 d6 2. d4 Nf6 3. Nc3 g6 4. f4 Bg7 5. Nf3 O-O 6. h3 Nbd7 7. e5 Ne8 8. Bc4
e6 9. d5 Nb6 10. Bb3 c6 11. dxe6 Bxe6 12. Bxe6 fxe6 13. exd6 Qxd6 14. O-O Qc5+
15. Kh1 Nc7 16. Qe1 Nbd5 17. Nxd5 exd5 18. c3 Rae8 19. Qg3 1/2-1/2

[Event "Sparkassen-Open B"]
[Site "Heusenstamm, Martinsee"]
[Date "2019.11.21"]
[Round "1.38"]
[White "Laufer, Maximilian"]
[Black "Heun, Andreas"]
[Result "1/2-1/2"]
[WhiteElo "1374"]
[BlackElo "1640"]
[PlyCount "60"]
[EventDate "2019.??.??"]
[WhiteTeam "MS Halver-Schalksmühle"]
[BlackTeam "SC Ladja Roßdorf"]

1. e4 c5 2. Nf3 g6 3. d4 cxd4 4. Nxd4 Bg7 5. Nc3 Nc6 6. Be3 Nf6 7. Be2 Qa5 8.
O-O d6 9. Kh1 O-O 10. f4 Bd7 11. Nf3 Ng4 12. Bd2 Qb6 13. Qe1 Nd4 14. Bd3 Nxf3
15. gxf3 Nf6 16. Be3 Qa5 17. Rg1 Bc6 18. Rg5 Qd8 19. Qh4 h6 20. Rg2 e6 21. Rag1
Kh7 22. Qh3 Qe8 23. Bd2 Nh5 24. e5 dxe5 25. fxe5 Rd8 26. Re1 Qe7 27. Qg4 Qc7
28. Kg1 Kh8 29. Rge2 Qb6+ 30. Kf1 Qc7 1/2-1/2

[Event "Sparkassen-Open B"]
[Site "Heusenstamm, Martinsee"]
[Date "2019.11.21"]
[Round "1.39"]
[White "Rashed, Mohammed"]
[Black "Klein, Simon"]
[Result "1-0"]
[WhiteElo "1566"]
[BlackElo "1371"]
[PlyCount "43"]
[EventDate "2019.??.??"]
[WhiteTeam "Sfr. Mörfelden"]
[BlackTeam "SK Hungen"]

1. e4 d6 2. d4 Nf6 3. Nc3 Nbd7 4. Bc4 e5 5. Nf3 Be7 6. Bxf7+ Kxf7 7. Ng5+ Kg8
8. Ne6 Qe8 9. Nxc7 Qg6 10. Nxa8 Qxg2 11. Rf1 Bd8 12. Qe2 Qxh2 13. Qc4+ Kf8 14.
Qxc8 Kf7 15. Be3 h5 16. O-O-O h4 17. Nb5 Nxe4 18. Qxd7+ Be7 19. f3 Ng3 20. Rf2
Qxf2 21. Bxf2 Rxa8 22. Nxd6+ 1-0

[Event "Sparkassen-Open B"]
[Site "Heusenstamm, Martinsee"]
[Date "2019.11.21"]
[Round "1.40"]
[White "Fischer, Juliane"]
[Black "Bastian, Ben"]
[Result "0-1"]
[WhiteElo "1369"]
[BlackElo "1632"]
[PlyCount "74"]
[EventDate "2019.??.??"]
[WhiteTeam "SK Gernsheim"]
[BlackTeam "SC Herborn"]

1. e4 c6 2. Nc3 d5 3. exd5 cxd5 4. d4 Nf6 5. Nf3 Bg4 6. Be2 e6 7. O-O Nc6 8.
Bf4 Bb4 9. Qd2 Ne4 10. Qd3 Bf5 11. Nxe4 dxe4 12. Qb3 exf3 13. Bxf3 Qb6 14.
Bxc6+ bxc6 15. Qc4 Qb5 16. Qb3 O-O 17. c3 Ba5 18. Qa3 Rac8 19. Rfe1 Bc7 20.
Bxc7 Rxc7 21. Re5 Qb6 22. b3 Rd7 23. Rae1 Rd5 24. Qb2 Rfd8 25. Qd2 c5 26. Rxd5
Rxd5 27. Rd1 cxd4 28. cxd4 e5 29. Qg5 exd4 30. Qe7 g6 31. Qe8+ Kg7 32. Re1 Qd8
33. Qxd8 Rxd8 34. Rd1 d3 35. Rd2 Rc8 36. Kf1 Rc1+ 37. Rd1 Rxd1# 0-1

[Event "Sparkassen-Open B"]
[Site "Heusenstamm, Martinsee"]
[Date "2019.11.21"]
[Round "1.41"]
[White "Friedel, Thomas"]
[Black "Federenko, Ingo"]
[Result "0-1"]
[WhiteElo "1631"]
[BlackElo "1359"]
[PlyCount "34"]
[EventDate "2019.??.??"]
[WhiteTeam "SV Groß-Gerau"]
[BlackTeam "SC FK Babenhausen"]

1. e4 e5 2. Nf3 Nc6 3. Bc4 Bc5 4. d3 d6 5. Ng5 Nh6 6. h3 O-O 7. Nc3 Kh8 8. Qh5
Qf6 9. O-O Ne7 10. Be3 Bb6 11. Bxb6 axb6 12. f4 Qg6 13. Qh4 f6 14. fxe5 dxe5
15. Ne6 Bxe6 16. Bxe6 Qe8 17. Rf3 Ng6 0-1

[Event "Sparkassen-Open B"]
[Site "Heusenstamm, Martinsee"]
[Date "2019.11.21"]
[Round "1.42"]
[White "Trenz, Finn"]
[Black "Firinci, Erdem"]
[Result "1/2-1/2"]
[WhiteElo "1358"]
[BlackElo "1613"]
[PlyCount "85"]
[EventDate "2019.??.??"]
[WhiteTeam "SK Gau-Algesheim"]
[BlackTeam "SF Heusenstamm"]

1. e4 c5 2. Nf3 d6 3. Nc3 Nc6 4. d4 cxd4 5. Nxd4 Nxd4 6. Qxd4 e5 7. Qd1 Nf6 8.
Bg5 Be7 9. Bxf6 Bxf6 10. Bc4 O-O 11. Qf3 Be6 12. Bd5 Qb6 13. Rb1 Rac8 14. O-O
a5 15. Rfd1 Rfd8 16. a3 Qc7 17. Rbc1 Qd7 18. Bxe6 fxe6 19. Qd3 Rc5 20. b4 axb4
21. axb4 Rc6 22. Na4 b6 23. b5 Rc7 24. Nxb6 Qe8 25. Na4 d5 26. exd5 Rxd5 27.
Qe2 Qxb5 28. Qxb5 Rxb5 29. c4 Rb4 30. Nc3 Rbxc4 31. Ne2 Rxc1 32. Rxc1 Rxc1+ 33.
Nxc1 Kf7 34. f3 Bg5 35. Nd3 Be3+ 36. Kf1 Bd4 37. Nf2 Bxf2 38. Kxf2 Kf6 39. Ke3
h6 40. Ke4 g6 41. h4 h5 42. g3 Ke7 43. Kxe5 1/2-1/2

[Event "Sparkassen-Open B"]
[Site "Heusenstamm, Martinsee"]
[Date "2019.11.21"]
[Round "1.43"]
[White "Pichl, Christoph"]
[Black "Bauer, Laura Sophie"]
[Result "1-0"]
[WhiteElo "1611"]
[BlackElo "1356"]
[PlyCount "63"]
[EventDate "2019.??.??"]
[WhiteTeam "SK Bad Homburg"]
[BlackTeam "SK Neumarkt"]

1. d4 d5 2. Bf4 Nc6 3. e3 Nf6 4. Bd3 Bd7 5. Nf3 e6 6. Nbd2 Bd6 7. Bg3 O-O 8.
Ne5 Qe7 9. O-O Rad8 10. c3 Rb8 11. Qe2 a6 12. f4 Qd8 13. Bh4 Be7 14. Rad1 b5
15. Rf3 Nxe5 16. fxe5 Ne4 17. Bxe7 Qxe7 18. Nxe4 dxe4 19. Bxe4 f5 20. Bd3 Bc6
21. Rff1 Qg5 22. e4 fxe4 23. Bxe4 Bxe4 24. Qxe4 Rb6 25. Rxf8+ Kxf8 26. Rf1+ Ke7
27. Qxh7 b4 28. Qd3 bxc3 29. Qxc3 Rb7 30. Qa3+ Kd7 31. Rf7+ Kc6 32. Qc5# 1-0

[Event "Sparkassen-Open B"]
[Site "Heusenstamm, Martinsee"]
[Date "2019.11.21"]
[Round "1.44"]
[White "Tobias, Christian"]
[Black "Gräf, Jakob Vincent"]
[Result "1-0"]
[WhiteElo "1354"]
[BlackElo "1609"]
[PlyCount "49"]
[EventDate "2019.??.??"]
[WhiteTeam "SV Oberursel"]
[BlackTeam "SV Frankfurt Nord"]

1. e4 c6 2. d4 d5 3. exd5 cxd5 4. Nf3 Nc6 5. Be2 Nf6 6. b3 e6 7. O-O Bd6 8. c4
dxc4 9. bxc4 O-O 10. Re1 Qc7 11. c5 Bf4 12. Nc3 Rd8 13. Bc4 Nd5 14. Nxd5 exd5
15. Bxf4 Qxf4 16. Bxd5 Bg4 17. Bxc6 bxc6 18. Rb1 Bxf3 19. Qxf3 Qxd4 20. Qxc6
Rdc8 21. Qd6 Qxc5 22. Qxc5 Rxc5 23. Rb7 Rc2 24. Rxa7 Rxa2 25. Rxa2 1-0

[Event "Sparkassen-Open B"]
[Site "Heusenstamm, Martinsee"]
[Date "2019.11.21"]
[Round "1.45"]
[White "Griesfeller, Sven"]
[Black "Richter, Johannes"]
[Result "1-0"]
[WhiteElo "1518"]
[BlackElo "1348"]
[PlyCount "31"]
[EventDate "2019.??.??"]
[WhiteTeam "SV Büdingen-Ortenberg"]
[BlackTeam "Berkershm"]

1. d4 Nf6 2. c4 g6 3. Nc3 d5 4. e3 Bg7 5. Nf3 O-O 6. Bd3 e6 7. O-O Nbd7 8. b3
c5 9. Bb2 dxc4 10. bxc4 cxd4 11. exd4 b6 12. Nb5 a6 13. Nd6 Qc7 14. Ba3 Rd8 15.
Ng5 Bf8 16. Ngxf7 1-0

[Event "Sparkassen-Open B"]
[Site "Heusenstamm, Martinsee"]
[Date "2019.11.21"]
[Round "1.46"]
[White "Fuchs, Henrik"]
[Black "Weyerer, Noah"]
[Result "0-1"]
[WhiteElo "1348"]
[BlackElo "1362"]
[PlyCount "58"]
[EventDate "2019.??.??"]
[WhiteTeam "SC Bad Soden"]
[BlackTeam "SV Oberursel"]

1. d4 f5 2. c4 Nf6 3. Bg5 e6 4. Nc3 Bb4 5. e3 b6 6. a3 Bxc3+ 7. bxc3 Bb7 8. Nf3
d6 9. Bd3 O-O 10. O-O Qe8 11. Re1 Ne4 12. Bxe4 Bxe4 13. d5 Qh5 14. h4 Bxf3 15.
gxf3 e5 16. Kh2 h6 17. f4 Qxd1 18. Raxd1 hxg5 19. fxg5 Nd7 20. h5 e4 21. h6 g6
22. Kg3 Ne5 23. Rh1 Kh7 24. f4 exf3 25. Rd4 Rfe8 26. Rhh4 Re7 27. e4 Rf8 28.
Rf4 Ref7 29. exf5 Rxf5 0-1

[Event "Sparkassen-Open B"]
[Site "Heusenstamm, Martinsee"]
[Date "2019.11.21"]
[Round "1.47"]
[White "Baumann, Ralf-Rüdiger"]
[Black "Özyar, Arin"]
[Result "1-0"]
[WhiteElo "1600"]
[BlackElo "1345"]
[PlyCount "93"]
[EventDate "2019.??.??"]
[WhiteTeam "SVG Konstanz"]
[BlackTeam "SC Bad Soden"]

1. e4 e5 2. Nf3 Nc6 3. Bc4 Bc5 4. c3 Nf6 5. d3 Na5 6. Bb5 Nc6 7. O-O a6 8. Ba4
d6 9. Nbd2 O-O 10. h3 Bd7 11. Re1 Re8 12. Nf1 Ne7 13. Bb3 Ng6 14. Ng3 h6 15. d4
exd4 16. cxd4 Bb6 17. Qc2 c6 18. e5 dxe5 19. Qxg6 Be6 20. Bxe6 Rxe6 21. Qc2
exd4 22. Rxe6 fxe6 23. Qg6 Kf8 24. Ne5 Qe7 25. Ne4 Rd8 26. Nxf6 Qxf6 27. Qxf6+
gxf6 28. Bxh6+ Ke7 29. Nc4 Bc5 30. Na5 Bb4 31. Nb3 d3 32. Rd1 c5 33. a3 c4 34.
axb4 cxb3 35. Kf1 e5 36. f3 Ke6 37. g4 f5 38. Be3 e4 39. gxf5+ Kxf5 40. fxe4+
Kxe4 41. Re1 Kf3 42. Bd2 Kg3 43. Re3+ Kh4 44. Ke1 b5 45. Bc3 Kg5 46. Kd2 Kh4
47. Bf6+ 1-0

[Event "Sparkassen-Open B"]
[Site "Heusenstamm, Martinsee"]
[Date "2019.11.21"]
[Round "1.48"]
[White "Gärtner, Johannes"]
[Black "Denz, Markus"]
[Result "0-1"]
[WhiteElo "1344"]
[BlackElo "1400"]
[PlyCount "105"]
[EventDate "2019.??.??"]
[WhiteTeam "SF Heidesheim"]
[BlackTeam "SC Hattersheim"]

1. d4 Nf6 2. c4 e6 3. Nc3 Bb4 4. Bd2 O-O 5. Nf3 d5 6. e3 Nbd7 7. cxd5 exd5 8.
Bd3 Re8 9. O-O c6 10. Re1 Bd6 11. Qc2 Nf8 12. e4 dxe4 13. Nxe4 Bg4 14. Re3 Nd5
15. Ree1 Bxf3 16. Nxd6 Qxd6 17. gxf3 Nf4 18. Re4 Qg6+ 19. Kf1 Qg2+ 20. Ke1
Nxd3+ 21. Qxd3 Qh1+ 22. Qf1 Qxf3 23. Re3 Qg4 24. Bc3 Ne6 25. Rd1 Rad8 26. f3
Qf4 27. Qf2 Nc7 28. Rdd3 Nd5 29. Rxe8+ Rxe8+ 30. Kd1 Ne3+ 31. Kc1 Ng4+ 32. Qd2
Qxd2+ 33. Kxd2 Nf6 34. Re3 Rxe3 35. Kxe3 Nd5+ 36. Ke4 Nxc3+ 37. bxc3 f6 38. c4
Kf7 39. Kf5 g6+ 40. Kf4 Ke6 41. a4 b6 42. h3 a6 43. h4 b5 44. axb5 axb5 45.
cxb5 cxb5 46. Ke4 f5+ 47. Kd3 Kd5 48. Kc3 f4 49. Kd3 b4 50. Kc2 Kxd4 51. Kb3
Ke3 52. Kxb4 Kxf3 53. Kc3 0-1

[Event "Sparkassen-Open B"]
[Site "Heusenstamm, Martinsee"]
[Date "2019.11.21"]
[Round "1.49"]
[White "Leichum, Engelbert"]
[Black "Solovej, Philip"]
[Result "0-1"]
[WhiteElo "1587"]
[BlackElo "1245"]
[PlyCount "58"]
[EventDate "2019.??.??"]
[WhiteTeam "vereinslos"]
[BlackTeam "SK Gründau"]

1. e4 e5 2. d4 f6 3. Bc4 Nc6 4. Bxg8 Rxg8 5. Qh5+ g6 6. Qxh7 Rg7 7. Qh8 Nxd4 8.
Na3 g5 9. c3 Ne6 10. Qh5+ Rf7 11. Ne2 b6 12. Ng3 Ng7 13. Qf3 Bb7 14. h4 gxh4
15. Rxh4 f5 16. Rh8 Qf6 17. Qe2 O-O-O 18. Nc4 fxe4 19. Nxe4 Bxe4 20. Qxe4 d5
21. Qg4+ Ne6 22. Nd2 Qxh8 23. Qxe6+ Rdd7 24. Qc6 Kb8 25. Nf1 Bc5 26. Ne3 Bxe3
27. fxe3 Qh1+ 28. Kd2 Rf2+ 29. Kd3 Qd1+ 0-1

[Event "Sparkassen-Open B"]
[Site "Heusenstamm, Martinsee"]
[Date "2019.11.21"]
[Round "1.50"]
[White "Häfner, Günther"]
[Black "Ramien, Hannah"]
[Result "1/2-1/2"]
[WhiteElo "1323"]
[BlackElo "1429"]
[PlyCount "45"]
[EventDate "2019.??.??"]
[WhiteTeam "Berkershm"]
[BlackTeam "SG Porz"]

1. e4 e5 2. Nf3 Nc6 3. d4 exd4 4. Nxd4 Bb4+ 5. c3 Bc5 6. b4 Bxd4 7. cxd4 Nxb4
8. Qb3 Nc6 9. Be3 Qe7 10. Nd2 Nf6 11. Bg5 Nxd4 12. Qc4 Nc6 13. Be2 Qe5 14. Bxf6
Qxf6 15. O-O O-O 16. Nf3 b6 17. Bd3 Bb7 18. Rae1 Qe6 19. Qa4 a5 20. e5 Nb4 21.
Bxh7+ Kh8 22. Be4 c6 23. Ra1 1/2-1/2

[Event "Sparkassen-Open B"]
[Site "Heusenstamm, Martinsee"]
[Date "2019.11.21"]
[Round "1.51"]
[White "Welther, Patrick"]
[Black "Pichl, Johann"]
[Result "1/2-1/2"]
[WhiteElo "1586"]
[BlackElo "1315"]
[PlyCount "66"]
[EventDate "2019.??.??"]
[WhiteTeam "SC Gelnhausen"]
[BlackTeam "SK Bad Homburg"]

1. Nf3 c6 2. g3 Nf6 3. Bg2 d5 4. d3 Bg4 5. O-O e6 6. c4 Be7 7. cxd5 exd5 8. Qb3
Qb6 9. Qxb6 axb6 10. Be3 Nbd7 11. Nbd2 O-O 12. a3 Rfe8 13. h3 Bf5 14. g4 Be6
15. Nd4 h6 16. f4 Nc5 17. b4 Na4 18. N2f3 Nh7 19. Nxe6 fxe6 20. Ne5 b5 21. Bd4
Bf6 22. e4 Rad8 23. exd5 exd5 24. Rae1 Nf8 25. f5 Re7 26. Nf3 Rxe1 27. Rxe1
Bxd4+ 28. Nxd4 Nb2 29. Bf1 Kf7 30. Rb1 Na4 31. Re1 Nd7 32. Nf3 Re8 33. Rxe8
Kxe8 1/2-1/2

[Event "Sparkassen-Open B"]
[Site "Heusenstamm, Martinsee"]
[Date "2019.11.21"]
[Round "1.52"]
[White "Kuchta, Maksim"]
[Black "Traut, Stefan"]
[Result "0-1"]
[WhiteElo "1308"]
[BlackElo "1585"]
[PlyCount "52"]
[EventDate "2019.??.??"]
[WhiteTeam "SC Heusenstamm"]
[BlackTeam "SF Heusenstamm"]

1. e4 c5 2. Nf3 d6 3. d4 cxd4 4. Nxd4 Nf6 5. Nc3 g6 6. Be3 Bg7 7. Be2 O-O 8.
O-O Bd7 9. Qd2 Nc6 10. Rad1 Rc8 11. Bh6 Nxd4 12. Bxg7 Nxe2+ 13. Qxe2 Kxg7 14.
e5 Ne8 15. Rfe1 Be6 16. Qd2 Qa5 17. exd6 Nxd6 18. Qd4+ Kg8 19. h3 Rfd8 20. Re5
Qb6 21. Qxb6 axb6 22. Rd2 Nf5 23. Rxd8+ Rxd8 24. Rb5 Rd6 25. Ne4 Rc6 26. a3 Nd4
0-1

[Event "Sparkassen-Open B"]
[Site "Heusenstamm, Martinsee"]
[Date "2019.11.21"]
[Round "1.53"]
[White "Mensendiek, Theodor"]
[Black "Kosak, Karolina"]
[Result "1/2-1/2"]
[WhiteElo "1577"]
[BlackElo "1207"]
[PlyCount "70"]
[EventDate "2019.??.??"]
[WhiteTeam "SF Heusenstamm"]
[BlackTeam "SV Frankfurt Nord"]

1. e4 e5 2. Nf3 Nc6 3. Bc4 Bc5 4. c3 Nf6 5. d4 exd4 6. cxd4 Bb4+ 7. Nc3 Nxe4 8.
O-O Bxc3 9. bxc3 d5 10. Re1 O-O 11. Qc2 Re8 12. Bd3 Bf5 13. Bf4 Bg6 14. Ne5
Nxe5 15. Bxe5 f6 16. Bf4 Qd7 17. f3 Nd6 18. Bxg6 hxg6 19. Qxg6 Qf7 20. Qg3 Rad8
21. a4 Rd7 22. Bxd6 Rxd6 23. Rxe8+ Qxe8 24. Re1 Re6 25. Rxe6 Qxe6 26. Kf2 Qc6
27. Qg4 Qxc3 28. Qe6+ Kh7 29. Qf5+ Kh8 30. Qh5+ Kg8 31. Qxd5+ Kh7 32. Qh5+ Kg8
33. Qe8+ Kh7 34. Qh5+ Kg8 35. Qe8+ Kh7 1/2-1/2

[Event "Sparkassen-Open B"]
[Site "Heusenstamm, Martinsee"]
[Date "2019.11.21"]
[Round "1.54"]
[White "Deiringer, Julius"]
[Black "Kirchner, Stefan"]
[Result "0-1"]
[WhiteElo "1181"]
[BlackElo "1575"]
[PlyCount "110"]
[EventDate "2019.??.??"]
[WhiteTeam "SV Jedesheim"]
[BlackTeam "SF Schöneck"]

1. e4 c5 2. Nf3 g6 3. d4 cxd4 4. Nxd4 Bg7 5. Nc3 Nc6 6. Be3 Nf6 7. Be2 O-O 8.
O-O d6 9. Nb3 a6 10. f4 Qc7 11. Rf3 Ng4 12. Nd5 Qd8 13. Bb6 Qd7 14. Rg3 Nf6 15.
Nxf6+ Bxf6 16. Bd4 Nxd4 17. Nxd4 Qa4 18. c3 Qxd1+ 19. Rxd1 Bh4 20. Rgd3 Bd7 21.
g3 Bf6 22. Bf3 Rab8 23. g4 h6 24. f5 g5 25. Bg2 Rfc8 26. Rh3 Kh7 27. Nf3 Bc6
28. Nd4 Bd7 29. Kf2 b5 30. Nf3 Rc7 31. Bf1 Kg7 32. Nd4 Bc8 33. b4 Bb7 34. Bg2
Rbc8 35. Ne2 Bxc3 36. Nxc3 Rxc3 37. Rxc3 Rxc3 38. Rd2 Rc4 39. Rb2 Bxe4 40. Bf1
Rc7 41. Ke3 Bb7 42. Bd3 Kf6 43. Rb3 Bd5 44. Rb2 Rc1 45. Kd2 Rh1 46. Ke3 Rc1 47.
Kd4 Bf3 48. h3 Bb7 49. Re2 Rc7 50. Re1 Kg7 51. a3 Kf8 52. Rd1 Ke8 53. Re1 Kd7
54. Bf1 Rc2 55. Bd3 Ra2 0-1

[Event "Sparkassen-Open B"]
[Site "Heusenstamm, Martinsee"]
[Date "2019.11.21"]
[Round "1.55"]
[White "Wu, Sifan"]
[Black "Barth, Horst"]
[Result "1-0"]
[WhiteElo "1574"]
[BlackElo "1270"]
[PlyCount "47"]
[EventDate "2019.??.??"]
[WhiteTeam "SV Oberursel"]
[BlackTeam "SF Mainz"]

1. e4 c5 2. Nf3 d6 3. d4 cxd4 4. Nxd4 e5 5. Nb3 Nf6 6. Nc3 g6 7. Be3 Bg7 8. f3
a6 9. Qd2 O-O 10. O-O-O Be6 11. Qxd6 Qxd6 12. Rxd6 Nbd7 13. Na4 Rfd8 14. Be2
Bf8 15. Rd2 b5 16. Nc3 Bb4 17. a3 Bxc3 18. bxc3 Rac8 19. Kb2 Bc4 20. Rhd1 Bxe2
21. Rxe2 Rc4 22. Red2 Rcc8 23. Bg5 Nb6 24. Rxd8+ 1-0